000
003070000a22001450004500
003
MACL
040
_a
MACL
090
_c
32618
_d
32616
100
_a
Phull, D S
245
_a
Indian Polity
260
_b
Bright Careers Institute
350
_a
65
650
_a
Political Science
942
_c
BOOK
_k
320.095/PHU
999
_c
32284
_d
32284